<?xml version="1.0" encoding="UTF-8"?>
<record
    xmlns:xsi="http://www.w3.org/2001/XMLSchema-instance"
    xsi:schemaLocation="http://www.loc.gov/MARC21/slim http://www.loc.gov/standards/marcxml/schema/MARC21slim.xsd"
    xmlns="http://www.loc.gov/MARC21/slim">

  <leader>01823cam a2200349 i 4500</leader>
  <controlfield tag="003">SA-RiAUC</controlfield>
  <controlfield tag="005">20251119131724.0</controlfield>
  <controlfield tag="008">251113s1977    su a   f     f000 0 ara c</controlfield>
  <datafield tag="020" ind1=" " ind2=" ">
    <subfield code="a">4185393</subfield>
  </datafield>
  <datafield tag="040" ind1=" " ind2=" ">
    <subfield code="a">SA-RiKSU</subfield>
    <subfield code="b">ara</subfield>
    <subfield code="c">SA-RiAUC</subfield>
    <subfield code="e">rda</subfield>
  </datafield>
  <datafield tag="043" ind1=" " ind2=" ">
    <subfield code="a">a-su---</subfield>
  </datafield>
  <datafield tag="082" ind1="0" ind2="4">
    <subfield code="a">212</subfield>
    <subfield code="q">SA-RiAUC</subfield>
  </datafield>
  <datafield tag="090" ind1=" " ind2=" ">
    <subfield code="a">212</subfield>
    <subfield code="b">&#x639; &#x637; &#x627;</subfield>
  </datafield>
  <datafield tag="100" ind1="1" ind2=" ">
    <subfield code="a">&#x627;&#x644;&#x639;&#x637;&#x627;&#x633;&#x60C; &#x633;&#x64A;&#x62F; &#x645;&#x62D;&#x645;&#x62F; &#x646;&#x642;&#x64A;&#x628;&#x60C;</subfield>
    <subfield code="d">1931-</subfield>
    <subfield code="e">&#x645;&#x624;&#x644;&#x641;.</subfield>
  </datafield>
  <datafield tag="245" ind1="1" ind2="0">
    <subfield code="a">&#x623;&#x641;&#x643;&#x627;&#x631; &#x623;&#x648;&#x644;&#x64A;&#x629; &#x62D;&#x648;&#x644; &#x637;&#x628;&#x64A;&#x639;&#x629; &#x627;&#x644;&#x645;&#x639;&#x631;&#x641;&#x629; &#x648;&#x623;&#x647;&#x62F;&#x627;&#x641; &#x627;&#x644;&#x62A;&#x631;&#x628;&#x64A;&#x629; /</subfield>
    <subfield code="c">&#x200F;&#x633;&#x64A;&#x62F; &#x645;&#x62D;&#x645;&#x62F; &#x627;&#x644;&#x646;&#x642;&#x64A;&#x628; &#x627;&#x644;&#x639;&#x637;&#x627;&#x633;.</subfield>
  </datafield>
  <datafield tag="264" ind1=" " ind2="1">
    <subfield code="a">&#x645;&#x643;&#x629; &#x627;&#x644;&#x645;&#x643;&#x631;&#x645;&#x629; :</subfield>
    <subfield code="a">&#x62C;&#x62F;&#x629;&#x60C; &#x627;&#x644;&#x633;&#x639;&#x648;&#x62F;&#x64A;&#x629; :</subfield>
    <subfield code="b">&#x62C;&#x627;&#x645;&#x639;&#x629; &#x627;&#x644;&#x645;&#x644;&#x643; &#x639;&#x628;&#x62F; &#x627;&#x644;&#x639;&#x632;&#x64A;&#x632; &#x61B;</subfield>
    <subfield code="b">&#x62F;&#x627;&#x631; &#x639;&#x643;&#x627;&#x638; &#x644;&#x644;&#x637;&#x628;&#x627;&#x639;&#x629; &#x648;&#x627;&#x644;&#x646;&#x634;&#x631;&#x60C;</subfield>
    <subfield code="c">[1977]</subfield>
  </datafield>
  <datafield tag="300" ind1=" " ind2=" ">
    <subfield code="a">18 &#x635;&#x641;&#x62D;&#x629; :</subfield>
    <subfield code="b">&#x62C;&#x62F;&#x627;&#x648;&#x644; &#x61B;</subfield>
    <subfield code="c">24 &#xD7; 17 &#x633;&#x645;</subfield>
  </datafield>
  <datafield tag="336" ind1=" " ind2=" ">
    <subfield code="a">&#x646;&#x635;</subfield>
    <subfield code="b">txt</subfield>
    <subfield code="2">rdacontent</subfield>
    <subfield code="3">&#x643;&#x62A;&#x627;&#x628;</subfield>
  </datafield>
  <datafield tag="337" ind1=" " ind2=" ">
    <subfield code="a">&#x628;&#x62F;&#x648;&#x646; &#x648;&#x633;&#x64A;&#x637;</subfield>
    <subfield code="b">n</subfield>
    <subfield code="2">rdamedia</subfield>
  </datafield>
  <datafield tag="338" ind1=" " ind2=" ">
    <subfield code="a">&#x645;&#x62C;&#x644;&#x62F;</subfield>
    <subfield code="b">nc</subfield>
    <subfield code="2">rdacarrier</subfield>
  </datafield>
  <datafield tag="500" ind1=" " ind2=" ">
    <subfield code="a">&#x628;&#x62D;&#x62B; &#x641;&#x64A; &#x627;&#x644;&#x645;&#x624;&#x62A;&#x645;&#x631; &#x627;&#x644;&#x639;&#x627;&#x644;&#x645;&#x64A; &#x627;&#x644;&#x623;&#x648;&#x644; &#x644;&#x644;&#x62A;&#x639;&#x644;&#x64A;&#x645; &#x627;&#x644;&#x625;&#x633;&#x644;&#x627;&#x645;&#x64A; 12-20 &#x631;&#x628;&#x64A;&#x639; &#x627;&#x644;&#x62B;&#x627;&#x646;&#x64A; 1397 &#x647;&#x640;. &#x627;&#x644;&#x62C;&#x644;&#x633;&#x627;&#x62A; &#x627;&#x644;&#x645;&#x634;&#x62A;&#x631;&#x643;&#x629; "2" 15 &#x631;&#x628;&#x64A;&#x639; &#x627;&#x644;&#x62B;&#x627;&#x646;&#x64A; 1397 &#x647;&#x640;. &#x641;&#x646;&#x62F;&#x642; &#x625;&#x646;&#x62A;&#x631;&#x643;&#x648;&#x646;&#x62A;&#x64A;&#x646;&#x646;&#x62A;&#x627;&#x644; &#x628;&#x645;&#x643;&#x629; &#x627;&#x644;&#x645;&#x643;&#x631;&#x645;&#x629;.</subfield>
  </datafield>
  <datafield tag="500" ind1=" " ind2=" ">
    <subfield code="a">112&#x62D;.</subfield>
  </datafield>
  <datafield tag="500" ind1=" " ind2=" ">
    <subfield code="a">&#x633; &#x639;/&#x62C; &#x639; &#x628;/9/&#x623;7&#x623;9.</subfield>
  </datafield>
  <datafield tag="650" ind1=" " ind2="7">
    <subfield code="a">&#x627;&#x644;&#x645;&#x639;&#x631;&#x641;&#x629;</subfield>
    <subfield code="x">&#x645;&#x637;&#x628;&#x648;&#x639;&#x627;&#x62A; &#x62D;&#x643;&#x648;&#x645;&#x64A;&#x629;</subfield>
    <subfield code="2">aucsh</subfield>
  </datafield>
  <datafield tag="650" ind1=" " ind2="7">
    <subfield code="a">&#x627;&#x644;&#x62A;&#x631;&#x628;&#x64A;&#x629; &#x627;&#x644;&#x625;&#x633;&#x644;&#x627;&#x645;&#x64A;&#x629;</subfield>
    <subfield code="x">&#x645;&#x637;&#x628;&#x648;&#x639;&#x627;&#x62A; &#x62D;&#x643;&#x648;&#x645;&#x64A;&#x629;</subfield>
    <subfield code="2">aucsh</subfield>
  </datafield>
  <datafield tag="650" ind1=" " ind2="7">
    <subfield code="a">&#x627;&#x644;&#x62A;&#x639;&#x644;&#x64A;&#x645; &#x627;&#x644;&#x62F;&#x64A;&#x646;&#x64A; &#x627;&#x644;&#x625;&#x633;&#x644;&#x627;&#x645;&#x64A;</subfield>
    <subfield code="x">&#x645;&#x637;&#x628;&#x648;&#x639;&#x627;&#x62A; &#x62D;&#x643;&#x648;&#x645;&#x64A;&#x629;</subfield>
    <subfield code="2">aucsh</subfield>
  </datafield>
  <datafield tag="650" ind1=" " ind2="7">
    <subfield code="a">&#x627;&#x644;&#x645;&#x637;&#x628;&#x648;&#x639;&#x627;&#x62A; &#x627;&#x644;&#x62D;&#x643;&#x648;&#x645;&#x64A;&#x629;</subfield>
    <subfield code="2">aucsh</subfield>
  </datafield>
  <datafield tag="651" ind1=" " ind2="7">
    <subfield code="a">&#x627;&#x644;&#x633;&#x639;&#x648;&#x62F;&#x64A;&#x629;</subfield>
    <subfield code="x">&#x645;&#x637;&#x628;&#x648;&#x639;&#x627;&#x62A; &#x62D;&#x643;&#x648;&#x645;&#x64A;&#x629;</subfield>
    <subfield code="2">aucsh</subfield>
  </datafield>
  <datafield tag="711" ind1="2" ind2=" ">
    <subfield code="a">&#x627;&#x644;&#x645;&#x624;&#x62A;&#x645;&#x631; &#x627;&#x644;&#x639;&#x627;&#x644;&#x645;&#x64A; &#x644;&#x644;&#x62A;&#x639;&#x644;&#x64A;&#x645; &#x627;&#x644;&#x625;&#x633;&#x644;&#x627;&#x645;&#x64A;</subfield>
    <subfield code="n">(1 :</subfield>
    <subfield code="d">1397 &#x647;&#x640;. :</subfield>
    <subfield code="c">&#x645;&#x643;&#x629; &#x627;&#x644;&#x645;&#x643;&#x631;&#x645;&#x629;)</subfield>
  </datafield>
  <datafield tag="942" ind1=" " ind2=" ">
    <subfield code="2">ddc</subfield>
    <subfield code="c">BOOK</subfield>
    <subfield code="n">0</subfield>
  </datafield>
  <datafield tag="949" ind1=" " ind2=" ">
    <subfield code="a">SA-JeALM</subfield>
    <subfield code="d">251113</subfield>
    <subfield code="u">mohamedma123</subfield>
    <subfield code="n">1</subfield>
  </datafield>
  <datafield tag="952" ind1=" " ind2=" ">
    <subfield code="0">0</subfield>
    <subfield code="1">0</subfield>
    <subfield code="2">ddc</subfield>
    <subfield code="4">0</subfield>
    <subfield code="7">0</subfield>
    <subfield code="a">WAHAB</subfield>
    <subfield code="b">WAHAB</subfield>
    <subfield code="d">2025-11-19</subfield>
    <subfield code="l">0</subfield>
    <subfield code="o">212  &#x639; &#x637; &#x627;</subfield>
    <subfield code="p">000021278</subfield>
    <subfield code="r">2025-11-19 13:17:54</subfield>
    <subfield code="w">2025-11-19</subfield>
    <subfield code="y">BOOK</subfield>
  </datafield>
  <datafield tag="999" ind1=" " ind2=" ">
    <subfield code="c">13349</subfield>
    <subfield code="d">13349</subfield>
  </datafield>
</record>
